Những thay đổi trong văn hóa và tôn giáo của Đông Nam Á

Gồm 3 phần. Ph.1: Đưa ra một thế giới tư tưởng rộng lớn hơn trong đó có những quan sát về đời sống hàng ngày của phần 2 được thiết lập. Cả hai phần tạo ra cái nền tương phản với những gì mà cuộc tranh luận về sự thay đổi văn hóa...

Celý popis

Uloženo v:
Podrobná bibliografie
Hlavní autor: Mulder, Niels
Médium: Kniha
Jazyk:Undetermined
Vydáno: H. Hồng Đức 2015
Témata:
On-line přístup:http://lrc.tdmu.edu.vn/opac/search/detail.asp?aID=2&ID=26318
Tagy: Přidat tag
Žádné tagy, Buďte první, kdo otaguje tento záznam!
Thư viện lưu trữ: Trung tâm Học liệu Trường Đại học Thủ Dầu Một
LEADER 01130nam a2200193Ia 4500
001 TDMU_26318
008 210410s9999 xx 000 0 und d
082 |a 204 
090 |b M510 
100 |a Mulder, Niels 
245 0 |a Những thay đổi trong văn hóa và tôn giáo của Đông Nam Á 
260 |a H. 
260 |b Hồng Đức 
260 |c 2015 
300 |a 302tr. 
520 |a Gồm 3 phần. Ph.1: Đưa ra một thế giới tư tưởng rộng lớn hơn trong đó có những quan sát về đời sống hàng ngày của phần 2 được thiết lập. Cả hai phần tạo ra cái nền tương phản với những gì mà cuộc tranh luận về sự thay đổi văn hóa trong phần 3 đã được nói đến một cách tỉ mỉ. 
650 |a Tôn giáo  |z Đông Nam Á; Đời sống xã hội  |z Đông Nam Á; Xã hội  |z Đông Nam Á 
856 |u http://lrc.tdmu.edu.vn/opac/search/detail.asp?aID=2&ID=26318 
980 |a Trung tâm Học liệu Trường Đại học Thủ Dầu Một